Name the Jordan Shoe from the Image - Statistics

General Stats
  • This quiz has been taken 228 times
  • The average score is 6 of 12
Answer Stats
Picture Answer % Correct
Panda Dunks
100%
Oreo Fours
79%
Black Cat Fours
78%
Paris Dunks
64%
Thunder Fours
64%
Fire Red Fours
39%
Orange Lobster Dunks
29%
Heineken Dunks
28%
Mocha Highs
28%
Lucky Green Highs
23%
Chicago Highs
22%
Guava Fours
14%
No matching quizzes found
Score Distribution
Percent of People with Each Score
Percentile by Number Answered
Your Score History
You have not taken this quiz